World War II an illustrated history (Registro nro. 78448)

Detalles MARC
000 -ENCABEZADO
Número de control [NR] 00827nam a2200217Ia 4500
008 - DE LONGITUD FIJA DE DATOS DE ELEMENTOS - INFORMACIÓN GENERAL
Elementos de longitud fija [NR] 130821s1966 enkaob gr eng
040 ## - FUENTE DE CATALOGACION [NR]
Agencia de catalogación original [NR] Co-BoUCM
Idioma de catalogación [NR] spa
041 00 - CODIGO DE IDIOMA [R]
Código de idioma para texto/pista de sonido o título separado [R] Inglés
100 1# - ASIENTO PRINCIPAL--NOMBRE PERSONAL [NR]
Nombre personal [NR] Daniell, David Scott
Fechas asociadas con el nombre [NR] 1906-
ID Autoridad 169984
245 10 - MENCION DE TITULO [NR]
Título [NR] World War II an illustrated history
Mención de responsabilidad, etc. [NR] David Scott-Daniell
260 ## - PUBLICACION, DISTRIBUCION, ETC. (PIE DE IMPRENTA) [R]
Lugar de publicación, distribución, etc. [R] Londres (Inglaterra)
Nombre del editor, distribuidor, etc. [R] E. Benn
Fecha de publicación, distribución, etc. [R] 1966
300 ## - DESCRIPCION FISICA [R]
Extensión [R] 127 páginas
Otros detalles físicos [NR] ilustraciones, mapas, fotografías
490 #0 - MENCION DE SERIE [R]
Mención de serie [R] Benn's Twentieth-Century Histories
500 ## - NOTA GENERAL [R]
Nota general [NR] Donación UCM-C-ARRAYANES.
650 ## - ASIENTO SECUNDARIO DE MATERIA - TERMINO TEMATICO [R]
Término temático o nombre geográfico como elemento de entrada [NR] Guerra Mundial II, 1939 -1945
Subdivisión general [R] Historia
9 (RLIN) 124302
650 ## - ASIENTO SECUNDARIO DE MATERIA - TERMINO TEMATICO [R]
Término temático o nombre geográfico como elemento de entrada [NR] Historia de Europa
9 (RLIN) 26509
650 ## - ASIENTO SECUNDARIO DE MATERIA - TERMINO TEMATICO [R]
Término temático o nombre geográfico como elemento de entrada [NR] Historia moderna
Subdivisión general [R] Historia
Subdivisión cronológica [R] Siglo XX
9 (RLIN) 16943
650 ## - ASIENTO SECUNDARIO DE MATERIA - TERMINO TEMATICO [R]
Término temático o nombre geográfico como elemento de entrada [NR] Política internacional
Subdivisión general [R] Historia
Subdivisión cronológica [R] Siglo XX
9 (RLIN) 21990
942 ## - ELEMENTOS DE ENTRADA AGREGADOS (KOHA)
Tipo de ítem principal el descrito en 300a Libro
Tema principal Historia
Edición 1
Parte restante de la signatura top. D185w
Sistema de clasificación DEWEY
Clasificación 940.53
Existencias
Fecha de último préstamo Total préstamos Total Renewals Signatura topográfica Código de barras Última vez visto Ejemplar Price effective from Tipo de ítem Perdido Sistema de clasificación Dañado No prestable Tipo de ítem específico Suprimido Ubicación habitual Ubicación actual Localización Fecha de creación Forma de adquisición Costo
18/09/2019 4 2 940.53 D185w 100119196 09/12/2025 Ej.1 03/02/2013 Libro   DEWEY     Libro   Claustro Claustro 2do piso 28/02/2013 Donación 26000.00